| 000 | 01412nam0a22003491 4500 | ||
|---|---|---|---|
| 001 | RU\INFOCOMM_322\NLR\5000099824 | ||
| 005 | 20250613103227.0 | ||
| 035 | _a(NLR Aleph) 009461899 | ||
| 090 |
_a8472123 _c8472123 |
||
| 100 | _a20121210d1980 |||y0rusy50 ca | ||
| 101 | 0 | _aeng | |
| 102 | _aRU | ||
| 105 | _ay z ||||| | ||
| 200 | 1 |
_aDescription of the p̄d-data in the momentum range 300-600 MEV/C _fL. A. Kondratyuk, M. Zh. Shmatikov, R. Bizzarri |
|
| 210 |
_aM. _cИТЭФ _d1980 |
||
| 215 |
_a29 с. _cграф. _d26 см |
||
| 225 | 1 |
_aInstitute of theoretical and experimental physics _vITEP-71 |
|
| 300 | _aВ вып. дан.: Описание данных по p̄d-взаимодействию в интервале импульсов 300-600 МэВ/С / Л. А. Кондратюк, М. Ж. Шматиков, Р. Биззарри | ||
| 320 | _aБиблиогр.: с. 28-29 | ||
| 606 | 0 |
_aПротоны _xВзаимодействие с дейтронами _9915034 _3RU\NLR\AUTH\6615267 |
|
| 620 | _aМосква | ||
| 686 |
_aВ382.31 _2rubbk |
||
| 700 | 1 |
_9z07790 _aKondratjuk _bL. A. _gLeonid Avksent'evič |
|
| 701 | 1 |
_9z08790 _aŠmatikov _bM. Z. |
|
| 701 | 1 |
_aBizzarri _bR. |
|
| 790 | 1 |
_9z07700 _aKondratyuk _bL. A. _4070 |
|
| 790 | 1 |
_9z08701 _aShmatikov _bM. Zh. _4070 |
|
| 801 | 1 |
_aRU _bNLR _c20121210 |
|
| 801 | 0 |
_aRU _bINFOCOMM _gPSBO |
|
| 852 |
_aNLR _jФз01 Д-8/380 |
||
| 942 | _cBOOK | ||
| 980 | _aNB | ||